000 00483nam a2200181Ia 4500
003 OSt
005 20240223141912.0
008 210210b1934 xxu||||| |||| 00| 0 eng d
040 _cAL
041 _aKannada
082 _a851/153
100 _aCHICHCHAKORA
_d ಚಿಚ್ಛಕೋರ
_9152263
245 _aSarvajnana sandesha
_b ಸರ್ವಜ್ಞನ ಸಂದೇಶ
260 _aAthani
_b-
_c1934
690 _aKannada Poetry
_9152266
906 _a018169
942 _2ddc
_cBK
999 _c141295
_d141295